000 00441nam a2200133Ia 4500
008 230413s9999||||xx |||||||||||||| ||und||
020 _a9788184002058
082 _a658.4063
_bR1298
100 _aRadjou, Navi; Prabhu, Jaideep & Ahuja, Simone
245 0 _aJugaad innovation: a frugal and flexible approach to innovation for the 21st century
260 _aNoida
_bRandom House Publishers India
_c2012
300 _axiii, 317 p.
942 _cBK
999 _c26334
_d26334